The impact of the information society on the customs relations; Journal of Economics and Social Sciences; № 9

Dettagli Bibliografici
Parent link:Journal of Economics and Social Sciences: electronic scientific journal.— , 2012-.— 2312-2978
№ 9.— 2017.— [3 p.]
Autore principale: Troyan E. Elena
Ente Autore: National Research Tomsk Polytechnic University (TPU)
Riassunto:Title screen
The Information Society is a new civilization; it is based on the information technologies. They influence on all spheres of life, including the customs service. Customs in the information society cooperates with other state bodies of the Russian Federation and the participants of foreign economic activity, so that it becomes involved in the global information process. The article examines how the information society effects on the customs legal relations, as well as identifies the positive and negative aspects of the impact of information technologies on the customs authorities. It was revealed that the customs authorities are fully computerized and open to the society. It has been shown, that the technological component of the customs and psychology of customs officials are being changed in the era of the information society.
Lingua:inglese
Pubblicazione: 2017
Serie:Социологические науки
Soggetti:
Accesso online:http://earchive.tpu.ru/handle/11683/37939
Natura: MixedMaterials Elettronico Capitolo di libro
KOHA link:https://koha.lib.tpu.ru/cgi-bin/koha/opac-detail.pl?biblionumber=571338

MARC

LEADER 00000naa2a2200000 4500
001 571338
005 20231101125215.0
035 |a (RuTPU)RU\TPU\prd\269253 
035 |a RU\TPU\prd\269252 
090 |a 571338 
100 |a 20170208a2017 k y0rusy50 ba 
101 0 |a eng 
102 |a RU 
135 |a drcn ---uucaa 
181 0 |a i  
182 0 |a b 
200 1 |a The impact of the information society on the customs relations  |f E. Troyan 
203 |a Text  |c electronic 
215 |a 1 файл (148 Кб) 
225 1 |a Социологические науки 
230 |a Электронные текстовые данные (1 файл : 148 Кб) 
300 |a Title screen 
320 |a [References: 5 tit.] 
330 |a The Information Society is a new civilization; it is based on the information technologies. They influence on all spheres of life, including the customs service. Customs in the information society cooperates with other state bodies of the Russian Federation and the participants of foreign economic activity, so that it becomes involved in the global information process. The article examines how the information society effects on the customs legal relations, as well as identifies the positive and negative aspects of the impact of information technologies on the customs authorities. It was revealed that the customs authorities are fully computerized and open to the society. It has been shown, that the technological component of the customs and psychology of customs officials are being changed in the era of the information society. 
461 1 |0 (RuTPU)RU\TPU\prd\225573  |x 2312-2978  |t Journal of Economics and Social Sciences  |o electronic scientific journal  |d 2012- 
463 1 |0 (RuTPU)RU\TPU\prd\269246  |t № 9  |v [3 p.]  |d 2017 
610 1 |a труды учёных ТПУ 
610 1 |a электронный ресурс 
610 1 |a информационное общество 
610 1 |a информационные технологии 
610 1 |a таможня 
610 1 |a таможенные услуги 
610 1 |a социальные отношения 
700 1 |a Troyan  |b E.  |g Elena 
712 0 2 |a National Research Tomsk Polytechnic University (TPU)  |2 stltpush  |3 (RuTPU)RU\TPU\col\18773 
801 1 |a RU  |b 63413507  |c 20090623  |g PSBO 
801 2 |a RU  |b 63413507  |c 20170413  |g PSBO 
856 4 |u http://earchive.tpu.ru/handle/11683/37939 
942 |c BK